00386nam a2200145Ia 4500003000500000008004100005020001800046040001900064082000700083100001700090245007100107260004200178300000800220546001200228STCL181203s9999 xx 000 0 und d a9788121942867 aSTCLbENcSTCL 222 aKhanka, S.S. 0aBusiness Ethics and Corporate Governance: Principles and Practices bS. Chand and CompanyaNew Delhic2014 a559 aEnglish